000 00282nam a2200121Ia 4500
008 190216s9999||||xx |||||||||||||| ||und||
100 _aInduchoodan M
245 0 _aTavala Angolpathi
260 _bKerala Bhasha Institute
_c1973
300 _a252p
650 _aZoology
942 _cBK
999 _c37806
_d37806